[Event "St Petersburg Summer op"]
[Site "St Petersburg"]
[Date "2017.08.24"]
[Round "9"]
[White "Kuzmin, Egor"]
[Black "Lorparizangeneh, Shahin"]
[Result "0-1"]
[WhiteElo "2277"]
[BlackElo "2515"]
[PlyCount "88"]
[EventDate "2017.08.16"]
[EventType "swiss"]
[EventRounds "9"]
[EventCountry "RUS"]
[SourceTitle "CBM 180 Extra"]
[Source "ChessBase"]
[SourceDate "2017.10.06"]
[SourceVersion "1"]
[SourceVersionDate "2017.10.06"]
[SourceQuality "1"]

1. Nf3 Nf6 2. c4 g6 3. Nc3 Bg7 4. g3 0-0 5. Bg2 d6 6. 0-0 e5 7. d3 h6 8. Rb1 a5 9. a3 Re8 10. b4 axb4 11. axb4 Be6 12. Bb2 c6 13. b5 Nbd7 14. Ra1 d5 15. Rxa8 Qxa8 16. bxc6 bxc6 17. cxd5 cxd5 18. Ba1 Rc8 19. Qb1 Qa5 20. Qb5 Qxb5 21. Nxb5 d4 22. e3 dxe3 23. fxe3 Nd5 24. Re1 Nb4 25. Bf1 Rb8 26. d4 Nc2 27. Rc1 Nxe3 28. Nc7 Nxf1 29. Nxe6 Nxg3 30. hxg3 fxe6 31. dxe5 g5 32. Nd4 Bxe5 33. Nxe6 Bxg3 34. Kg2 Be5 35. Bxe5 Nxe5 36. Rc5 Nf7 37. Kg3 Kh7 38. Rc6 Rb3+ 39. Kg2 Rd3 40. Nf8+ Kg8 41. Ne6 Rd6 42. Rc8+ Kh7 43. Re8 Kg6 44. Nf8+ Kf5 0-1

[Event "Samara Polugaevsky Memorial 7th"]
[Site "Samara"]
[Date "2017.07.16"]
[Round "9"]
[White "Kuzmin, Egor"]
[Black "Khanin, Semen"]
[Result "1/2-1/2"]
[WhiteElo "2266"]
[BlackElo "2454"]
[PlyCount "105"]
[EventDate "2017.07.08"]
[EventType "swiss"]
[EventRounds "9"]
[EventCountry "RUS"]
[SourceTitle "EXT 2018"]
[Source "ChessBase"]
[SourceDate "2017.10.13"]
[SourceVersion "1"]
[SourceVersionDate "2017.10.13"]
[SourceQuality "1"]

1. Nf3 Nf6 2. d4 e6 3. c3 c5 4. Nbd2 d5 5. e3 Bd6 6. Bd3 Nc6 7. 0-0 0-0 8. dxc5 Bxc5 9. b4 Bd6 10. b5 Na5 11. c4 dxc4 12. Nxc4 Nxc4 13. Bxc4 e5 14. Bb2 e4 15. Be5 Ne8 16. Ne1 Qe7 17. Bxd6 Nxd6 18. Be2 Rd8 19. Qa4 Bd7 20. Qb4 Qe5 21. Rb1 Rac8 22. Rb2 Rc5 23. a4 Rdc8 24. Rd2 Be6 25. Qd4 Qxd4 26. Rxd4 Rd5 27. Rxd5 Bxd5 28. g4 Bc4 29. Bxc4 Rxc4 30. Ng2 Kf8 31. Ra1 g5 32. h4 h6 33. hxg5 hxg5 34. Ne1 Ke7 35. Kg2 Ne8 36. Ra2 Nf6 37. Nc2 Nxg4 38. Nd4 Ne5 39. a5 Rc5 40. a6 b6 41. Ra1 Kf6 42. Rh1 Kg7 43. Rd1 Nd3 44. Rb1 Ne5 45. Rd1 Rc7 46. Kg3 Kf6 47. Rh1 Nc4 48. Rh6+ Ke7 49. Nc6+ Kd7 50. Nb8+ Ke7 51. Nc6+ Kd7 52. Nb8+ Ke7 53. Nc6+ 1/2-1/2

[Event "Samara Polugaevsky Memorial 7th"]
[Site "Samara"]
[Date "2017.07.14"]
[Round "7"]
[White "Kuzmin, Egor"]
[Black "Teiitbaev, Aktilek"]
[Result "1-0"]
[WhiteElo "2266"]
[BlackElo "2016"]
[PlyCount "99"]
[EventDate "2017.07.08"]
[EventType "swiss"]
[EventRounds "9"]
[EventCountry "RUS"]
[SourceTitle "EXT 2018"]
[Source "ChessBase"]
[SourceDate "2017.10.13"]
[SourceVersion "1"]
[SourceVersionDate "2017.10.13"]
[SourceQuality "1"]

1. Nf3 d6 2. d4 g6 3. c4 Bg7 4. Nc3 Nf6 5. e4 0-0 6. Be2 e5 7. 0-0 Nc6 8. d5 Ne7 9. Ne1 Nd7 10. Be3 f5 11. f3 f4 12. Bf2 g5 13. Nb5 Nc5 14. b4 Na6 15. Qb3 Ng6 16. c5 h5 17. cxd6 cxd6 18. Nxa7 Rxa7 19. Bxa7 g4 20. Rc1 g3 21. Rxc8 Qxc8 22. Nd3 Nc7 23. Rc1 Qd7 24. Qc4 Ne8 25. b5 gxh2+ 26. Kh1 Qe7 27. Qc8 Qg5 28. Bf2 Kh7 29. Qe6 h4 30. Rc8 Nf6 31. Rxf8 Bxf8 32. Qf5 Qxf5 33. exf5 Ne7 34. Bxh4 Nfxd5 35. Nb2 Kh6 36. Bd3 Ne3 37. Nc4 Nxc4 38. Bxc4 Nxf5 39. Bd8 Be7 40. Bc7 Ne3 41. Bb3 Nf5 42. Bd5 Bh4 43. Kxh2 Bf2 44. Bxb7 Kg5 45. Bc8 Ng3 46. b6 Kh4 47. Bd8+ Kh5 48. Bg4+ Kg6 49. b7 Ba7 50. Bc7 1-0

[Event "Moscow op-A 13th"]
[Site "Moscow"]
[Date "2017.02.02"]
[Round "6"]
[White "Kuporosov, Viktor"]
[Black "Kuzmin, Egor"]
[Result "1/2-1/2"]
[WhiteElo "2392"]
[BlackElo "2244"]
[PlyCount "71"]
[EventDate "2017.01.28"]
[EventType "swiss"]
[EventRounds "9"]
[EventCountry "RUS"]
[SourceTitle "EXT 2018"]
[Source "ChessBase"]
[SourceDate "2017.10.13"]
[SourceVersion "1"]
[SourceVersionDate "2017.10.13"]
[SourceQuality "1"]

1. e4 c5 2. Nf3 d6 3. Bc4 Nc6 4. d3 Nf6 5. h3 e6 6. 0-0 a6 7. Bb3 Be7 8. c3 0-0 9. Re1 b5 10. d4 Bb7 11. Nbd2 cxd4 12. cxd4 Rc8 13. Nf1 Qc7 14. Re2 Rfe8 15. Ng3 h6 16. Bf4 Bf8 17. Rc1 Qb8 18. Bc2 e5 19. Be3 exd4 20. Nxd4 Nb4 21. Bb1 Nxe4 22. Nxe4 Bxe4 23. Bxe4 Rxe4 24. a3 Rxc1 25. Qxc1 Qe8 26. Qd1 Nd5 27. Nc2 Nf6 28. Rd2 Qe5 29. Bd4 Qg5 30. Ne3 Nh5 31. Qf3 Re6 32. g3 Nf6 33. h4 Qg6 34. Bxf6 Rxf6 35. Qa8 Qb1+ 36. Kg2 1/2-1/2

[Event "Moscow op-A 13th"]
[Site "Moscow"]
[Date "2017.01.30"]
[Round "3"]
[White "Kuzmin, Egor"]
[Black "Alikulov, Elbek"]
[Result "1-0"]
[WhiteElo "2244"]
[BlackElo "2369"]
[PlyCount "65"]
[EventDate "2017.01.28"]
[EventType "swiss"]
[EventRounds "9"]
[EventCountry "RUS"]
[SourceTitle "EXT 2018"]
[Source "ChessBase"]
[SourceDate "2017.10.13"]
[SourceVersion "1"]
[SourceVersionDate "2017.10.13"]
[SourceQuality "1"]

1. Nf3 d6 2. c4 g6 3. Nc3 Bg7 4. d4 Nd7 5. e4 e5 6. dxe5 dxe5 7. b3 c6 8. Be2 Ngf6 9. 0-0 0-0 10. Qc2 Re8 11. h3 Nh5 12. Rd1 Nf4 13. Be3 Qe7 14. Bf1 Nf8 15. Rd2 N8e6 16. Qd1 f5 17. g3 Nh5 18. exf5 gxf5 19. Nh4 Nef4 20. Rc1 Kh8 21. Kh2 e4 22. b4 Rg8 23. Be2 Nxe2 24. Nxe2 Be5 25. Ng2 Qxb4 26. c5 Be6 27. Ngf4 Ng7 28. Rb1 Qa5 29. Rxb7 Bxa2 30. Bd4 Bxd4 31. Rxd4 Qxc5 32. Qd2 Bd5 33. Ng6+ 1-0

[Event "Chigorin Memorial 24th"]
[Site "St Petersburg"]
[Date "2016.10.21"]
[Round "7"]
[White "Enkhbat, Tsendragchaa"]
[Black "Kuzmin, Egor"]
[Result "0-1"]
[WhiteElo "2113"]
[BlackElo "2259"]
[PlyCount "110"]
[EventDate "2016.10.15"]
[EventType "swiss"]
[EventRounds "9"]
[EventCountry "RUS"]
[SourceTitle "CBM 175 Extra"]
[Source "ChessBase"]
[SourceDate "2016.12.12"]
[SourceVersion "1"]
[SourceVersionDate "2016.12.12"]
[SourceQuality "1"]

1. e4 c5 2. Nf3 d6 3. d4 cxd4 4. Nxd4 Nf6 5. Nc3 Nc6 6. Bg5 e6 7. Qd2 Be7 8. 0-0-0 a6 9. f3 Nxd4 10. Qxd4 b5 11. e5 dxe5 12. Qxe5 Qb6 13. Be3 Qb8 14. Qxb8 Rxb8 15. Bd3 Bb7 16. Rhe1 0-0 17. Bf4 Rbd8 18. Kb1 b4 19. Ne4 Nd5 20. Bd2 a5 21. c4 bxc3 22. Nxc3 Nb4 23. Bc4 Rd4 24. b3 Nd3 25. Re2 Nb4 26. Be3 Rxd1+ 27. Nxd1 Bc6 28. Nb2 Rc8 29. Bd2 Ra8 30. Nd3 Nxd3 31. Bxd3 Rd8 32. Bc4 a4 33. Bc3 Bg5 34. Kc2 axb3+ 35. Bxb3 Bf4 36. Be5 Bb5 37. Re1 Bd3+ 38. Kc3 Bxe5+ 39. Rxe5 Bf1 40. Rg5 Rd3+ 41. Kb4 h6 42. Rg4 Rd2 43. a4 Bxg2 44. Rxg2 Rxg2 45. a5 Rxh2 46. a6 Rd2 47. Ba4 Rd8 48. Bc6 Kf8 49. a7 Ke7 50. a8Q Rxa8 51. Bxa8 Kf6 52. Kc3 Kf5 53. Kd3 Kf4 54. Ke2 Kg3 55. Ke3 g5 0-1

[Event "Chigorin Memorial 24th"]
[Site "St Petersburg"]
[Date "2016.10.18"]
[Round "4"]
[White "Kuzmin, Egor"]
[Black "Lingur, Zalina"]
[Result "1-0"]
[WhiteElo "2259"]
[BlackElo "1986"]
[PlyCount "81"]
[EventDate "2016.10.15"]
[EventType "swiss"]
[EventRounds "9"]
[EventCountry "RUS"]
[SourceTitle "CBM 175 Extra"]
[Source "ChessBase"]
[SourceDate "2016.12.12"]
[SourceVersion "1"]
[SourceVersionDate "2016.12.12"]
[SourceQuality "1"]

1. Nf3 c5 2. g3 Nc6 3. Bg2 g6 4. 0-0 Bg7 5. c4 e5 6. Nc3 d6 7. d3 Nge7 8. a3 0-0 9. Rb1 a5 10. Ne1 Be6 11. Nd5 f5 12. Nc2 Ra7 13. b4 axb4 14. axb4 b6 15. Bd2 h6 16. Ra1 Rxa1 17. Qxa1 e4 18. Nxe7+ Nxe7 19. Qa6 exd3 20. exd3 Bf7 21. Be3 g5 22. f4 gxf4 23. Rxf4 Bh5 24. Rf2 Ng6 25. d4 f4 26. gxf4 cxd4 27. Nxd4 Nxf4 28. Rxf4 Rxf4 29. Bxf4 Bxd4+ 30. Kh1 Qf8 31. Qa8 Qxa8 32. Bxa8 Bf7 33. Bd5 Bxd5+ 34. cxd5 Be5 35. Bxe5 dxe5 36. Kg2 Kf7 37. Kf3 b5 38. Ke4 Kf6 39. h3 Kg5 40. Kxe5 h5 41. d6 1-0

[Event "St Petersburg Summer op"]
[Site "St Petersburg"]
[Date "2016.08.20"]
[Round "4"]
[White "Saveliev, Alexei"]
[Black "Kuzmin, Egor"]
[Result "1-0"]
[WhiteElo "2339"]
[BlackElo "2266"]
[PlyCount "137"]
[EventDate "2016.08.17"]
[EventType "swiss"]
[EventRounds "9"]
[EventCountry "RUS"]
[SourceTitle "CBM 174 Extra"]
[Source "ChessBase"]
[SourceDate "2016.10.10"]
[SourceVersion "1"]
[SourceVersionDate "2016.10.10"]
[SourceQuality "1"]

1. e4 c5 2. Nf3 d6 3. d4 cxd4 4. Nxd4 Nf6 5. Nc3 Nc6 6. Bg5 Bd7 7. Qd2 Rc8 8. 0-0-0 Nxd4 9. Qxd4 Qa5 10. f4 h6 11. Bxf6 gxf6 12. Kb1 Qc5 13. Qd3 Bg7 14. Nd5 Ba4 15. Rd2 Kf8 16. Be2 h5 17. Rc1 a6 18. b4 Qc6 19. c4 a5 20. bxa5 Qe8 21. c5 Bh6 22. Rb2 dxc5 23. Rxb7 Rb8 24. a6 Bc6 25. Rxb8 Qxb8+ 26. Qb3 Kg7 27. Rxc5 Qd6 28. Rxc6 Qxc6 29. Qb6 Qa4 30. Nc3 Qa3 31. Qb3 Qxb3+ 32. axb3 Bxf4 33. b4 Bxh2 34. b5 Bg1 35. Na4 Rb8 36. Kc2 h4 37. Kb3 f5 38. e5 f4 39. Kb4 Bf2 40. Nc5 Be1+ 41. Ka4 Bf2 42. Kb4 Be1+ 43. Ka4 Bf2 44. Nd3 Be3 45. Nb4 Bb6 46. Nd5 Ba7 47. Ka5 Bf2 48. b6 e6 49. a7 Ra8 50. Nxf4 Rxa7+ 51. bxa7 Bxa7 52. Kb5 Bb8 53. Nd3 Kg6 54. Bg4 Kg5 55. Bh3 f6 56. exf6 Kxf6 57. Kc4 Bg3 58. Nc5 Ke5 59. Kd3 Bf2 60. Nxe6 Bb6 61. Ke2 Ke4 62. Ng7 Bd4 63. Nf5 Bf6 64. Ne3 Bd8 65. Nd1 Bb6 66. Nc3+ Kd4 67. Na4 Ba7 68. Kf3 Kc4 69. Nb2+ 1-0

[Event "St Petersburg Chess Day"]
[Site "St Petersburg"]
[Date "2016.07.21"]
[Round "7"]
[White "Kuzmin, Egor"]
[Black "Timerkhanov, Alexander"]
[Result "1/2-1/2"]
[WhiteElo "2281"]
[BlackElo "2302"]
[PlyCount "27"]
[EventDate "2016.07.16"]
[EventType "tourn"]
[EventRounds "9"]
[EventCountry "RUS"]
[EventCategory "4"]
[SourceTitle "EXT 2017"]
[Source "ChessBase"]
[SourceDate "2016.10.25"]
[SourceVersion "1"]
[SourceVersionDate "2016.10.25"]
[SourceQuality "1"]

1. Nf3 d5 2. g3 Bg4 3. Bg2 c6 4. 0-0 Nd7 5. c4 Ngf6 6. d3 e6 7. cxd5 cxd5 8. Nc3 Bxf3 9. Bxf3 Bd6 10. Be3 a6 11. a4 0-0 12. a5 Ne5 13. Bg2 Nc6 14. Bb6 1/2-1/2

[Event "St Petersburg Chess Day"]
[Site "St Petersburg"]
[Date "2016.07.18"]
[Round "4"]
[White "Bajarani, Ulvi"]
[Black "Kuzmin, Egor"]
[Result "1/2-1/2"]
[WhiteElo "2508"]
[BlackElo "2281"]
[PlyCount "90"]
[EventDate "2016.07.16"]
[EventType "tourn"]
[EventRounds "9"]
[EventCountry "RUS"]
[EventCategory "4"]
[SourceTitle "EXT 2017"]
[Source "ChessBase"]
[SourceDate "2016.10.25"]
[SourceVersion "1"]
[SourceVersionDate "2016.10.25"]
[SourceQuality "1"]

1. d4 Nf6 2. Bg5 d5 3. Bxf6 exf6 4. e3 c5 5. c3 Nc6 6. g3 Be6 7. Nd2 Qc7 8. Ne2 g5 9. Bg2 0-0-0 10. Nb3 cxd4 11. cxd4 Bb4+ 12. Nc3 h5 13. Rc1 f5 14. f4 h4 15. Kf2 Kb8 16. Qd3 Bxc3 17. Qxc3 Rc8 18. Nc5 hxg3+ 19. hxg3 gxf4 20. gxf4 Qa5 21. Qxa5 Nxa5 22. Rxh8 Rxh8 23. Nd3 Nc4 24. Rh1 Rc8 25. Nc5 Nd6 26. Rh6 Ne4+ 27. Bxe4 dxe4 28. a4 Rc6 29. Kg3 a5 30. Kh4 Kc7 31. Kg5 Rd6 32. Rh7 Kc6 33. Nxe6 fxe6 34. Kf6 Kd5 35. Rxb7 e5+ 36. Kxf5 exd4 37. exd4 e3 38. Re7 Kxd4 39. Kg4 Rh6 40. f5 Kd3 41. Rd7+ Ke4 42. Kg5 Rh1 43. Re7+ Kd3 44. Rd7+ Kc2 45. Rc7+ Kd2 1/2-1/2

[Event "EU-ch rapid"]
[Site "Minsk"]
[Date "2015.12.19"]
[Round "2"]
[White "Riazantsev, Alexander"]
[Black "Kuzmin, Egor"]
[Result "1-0"]
[WhiteElo "2646"]
[BlackElo "2250"]
[PlyCount "69"]
[EventDate "2015.12.19"]
[EventType "swiss (rapid)"]
[EventRounds "11"]
[EventCountry "BLR"]
[SourceTitle "EXT 2017"]
[Source "ChessBase"]
[SourceDate "2016.10.25"]
[SourceVersion "1"]
[SourceVersionDate "2016.10.25"]
[SourceQuality "1"]

1. d4 g6 2. c4 Bg7 3. e4 d6 4. Nc3 Nc6 5. Be3 e5 6. d5 Nce7 7. Qd2 f5 8. f3 Nf6 9. 0-0-0 0-0 10. h3 b6 11. g4 f4 12. Bf2 h6 13. h4 Nd7 14. Kb1 a5 15. Nge2 Nc5 16. Nc1 Ba6 17. b3 Qb8 18. g5 h5 19. a3 Bc8 20. Bh3 Bxh3 21. Rxh3 Qb7 22. Rh2 Ra6 23. b4 axb4 24. axb4 Nd7 25. Nb3 Rfa8 26. Kb2 Bf8 27. Rhh1 Nc8 28. Rb1 R8a7 29. Qd3 Ra8 30. Rhd1 Qa7 31. Qf1 Qb7 32. Qh3 c5 33. dxc6 Qa7 34. Qe6+ Kh8 35. Ra1 1-0

[Event "Chigorin Memorial 23rd"]
[Site "St Petersburg"]
[Date "2015.10.11"]
[Round "9"]
[White "Kuzmin, Egor"]
[Black "Zakaryan, David"]
[Result "0-1"]
[WhiteElo "2232"]
[BlackElo "2335"]
[PlyCount "42"]
[EventDate "2015.10.03"]
[EventType "swiss"]
[EventRounds "9"]
[EventCountry "RUS"]
[SourceTitle "CBM 168 Extra"]
[Source "ChessBase"]
[SourceDate "2015.10.29"]
[SourceVersion "1"]
[SourceVersionDate "2015.10.29"]
[SourceQuality "1"]

1. Nf3 d5 2. d4 Nf6 3. c4 e6 4. Nc3 Be7 5. Bg5 Nbd7 6. cxd5 Nxd5 7. Bxe7 Qxe7 8. Nxd5 exd5 9. e3 0-0 10. Bd3 Nf6 11. Qc2 b6 12. 0-0 Bb7 13. b4 c6 14. Rab1 Rfc8 15. Rfc1 g6 16. a4 Rc7 17. a5 Nd7 18. Bb5 Rd8 19. a6 Bc8 20. Bxc6 Nb8 21. Ne5 Bf5 0-1

[Event "Chigorin Memorial 23rd"]
[Site "St Petersburg"]
[Date "2015.10.09"]
[Round "7"]
[White "Kuzmin, Egor"]
[Black "Chekhov, Sergey"]
[Result "1-0"]
[WhiteElo "2232"]
[BlackElo "2488"]
[PlyCount "49"]
[EventDate "2015.10.03"]
[EventType "swiss"]
[EventRounds "9"]
[EventCountry "RUS"]
[SourceTitle "CBM 168 Extra"]
[Source "ChessBase"]
[SourceDate "2015.10.29"]
[SourceVersion "1"]
[SourceVersionDate "2015.10.29"]
[SourceQuality "1"]

1. d4 Nf6 2. Nf3 e6 3. c4 b6 4. a3 Bb7 5. Nc3 Ne4 6. Nxe4 Bxe4 7. Nd2 Bg6 8. g3 Nc6 9. e3 e5 10. d5 Na5 11. Qe2 h5 12. h4 Bd6 13. Bg2 Qe7 14. c5 Bxc5 15. b4 Bxb4 16. axb4 Qxb4 17. 0-0 Qc3 18. Ra3 Qc2 19. e4 0-0 20. Bf3 Nb7 21. Bxh5 Nd6 22. Bxg6 fxg6 23. Qd3 Qxd3 24. Rxd3 a5 25. Bb2 1-0

[Event "Chigorin Memorial 23rd"]
[Site "St Petersburg"]
[Date "2015.10.08"]
[Round "6"]
[White "Kharlamov, Igor"]
[Black "Kuzmin, Egor"]
[Result "0-1"]
[WhiteElo "2065"]
[BlackElo "2232"]
[PlyCount "84"]
[EventDate "2015.10.03"]
[EventType "swiss"]
[EventRounds "9"]
[EventCountry "RUS"]
[SourceTitle "CBM 168 Extra"]
[Source "ChessBase"]
[SourceDate "2015.10.29"]
[SourceVersion "1"]
[SourceVersionDate "2015.10.29"]
[SourceQuality "1"]

1. d4 Nf6 2. c4 e6 3. Nf3 c5 4. d5 b5 5. Bg5 b4 6. e4 h6 7. Bxf6 gxf6 8. Bd3 Qc7 9. 0-0 Bd6 10. a3 Na6 11. axb4 Nxb4 12. Nc3 a6 13. Nb5 Qb8 14. Nxd6+ Qxd6 15. g3 Rb8 16. Bb1 h5 17. Re1 h4 18. e5 Qf8 19. Ra5 hxg3 20. fxg3 f5 21. dxe6 fxe6 22. Qd6 Nc6 23. Rxc5 Rxb2 24. Rxc6 dxc6 25. Qd4 Rb7 26. Qd6 Rb3 27. Qc7 Bd7 28. Rd1 Qc5+ 29. Kg2 Rb2+ 30. Kh1 Qe7 31. Qd6 Qxd6 32. exd6 Rf2 33. Nh4 c5 34. Kg1 Re2 35. Bd3 Rb2 36. Bf1 a5 37. Bg2 a4 38. Ra1 Kf7 39. Nf3 Kf6 40. Ne1 Rd2 41. Ra3 Rd1 42. Re3 a3 0-1

[Event "Chigorin Memorial 23rd"]
[Site "St Petersburg"]
[Date "2015.10.05"]
[Round "3"]
[White "Kuzmin, Egor"]
[Black "Ustich, Ekaterina"]
[Result "1-0"]
[WhiteElo "2232"]
[BlackElo "1996"]
[PlyCount "113"]
[EventDate "2015.10.03"]
[EventType "swiss"]
[EventRounds "9"]
[EventCountry "RUS"]
[SourceTitle "CBM 168 Extra"]
[Source "ChessBase"]
[SourceDate "2015.10.29"]
[SourceVersion "1"]
[SourceVersionDate "2015.10.29"]
[SourceQuality "1"]

1. Nf3 Nf6 2. c4 e6 3. Nc3 d5 4. d4 Be7 5. Bg5 0-0 6. cxd5 exd5 7. Qc2 c6 8. e3 h6 9. Bf4 Bd6 10. Bg3 Re8 11. Bd3 Qe7 12. Bxd6 Qxd6 13. 0-0 Nbd7 14. Rab1 Qe7 15. b4 a6 16. a4 Ne4 17. b5 Nxc3 18. Qxc3 cxb5 19. axb5 a5 20. Qc7 Nf8 21. Rfc1 Qxc7 22. Rxc7 Ne6 23. Rc3 b6 24. Rc6 Rb8 25. Ne5 Rd8 26. Rc2 Bd7 27. Nxd7 Rxd7 28. Rbc1 Kf8 29. Kf1 Ke7 30. Bf5 g6 31. Bg4 Rd6 32. Bf3 Rd7 33. Ke2 Ra8 34. Rc6 Rb8 35. Kd3 Nd8 36. Rc8 Rxc8 37. Rxc8 Rd6 38. Ra8 Ne6 39. Ra7+ Kf6 40. Bg4 h5 41. Bxe6 Kxe6 42. Rb7 f5 43. h4 Kf6 44. f3 Ke6 45. e4 fxe4+ 46. fxe4 dxe4+ 47. Kxe4 Kf6 48. d5 g5 49. hxg5+ Kxg5 50. Ke5 Rd8 51. Rxb6 a4 52. Ra6 Rb8 53. b6 a3 54. Kd6 Rd8+ 55. Kc7 Rxd5 56. b7 Rc5+ 57. Kb6 1-0

[Event "Chigorin Memorial blitz 23rd"]
[Site "St Petersburg"]
[Date "2015.10.02"]
[Round "1"]
[White "Andriasian, Zaven"]
[Black "Kuzmin, Egor"]
[Result "1-0"]
[WhiteElo "2591"]
[BlackElo "2232"]
[PlyCount "97"]
[EventDate "2015.10.02"]
[EventType "swiss (blitz)"]
[EventRounds "13"]
[EventCountry "RUS"]
[SourceTitle "CBM 168 Extra"]
[Source "ChessBase"]
[SourceDate "2015.10.29"]
[SourceVersion "1"]
[SourceVersionDate "2015.10.29"]
[SourceQuality "1"]

1. e4 c5 2. Nc3 d6 3. f4 g6 4. Nf3 Bg7 5. g3 Nc6 6. Bg2 Bd7 7. 0-0 Rb8 8. d3 b5 9. Kh1 b4 10. Ne2 Nd4 11. Nexd4 cxd4 12. a3 a5 13. axb4 axb4 14. Bd2 e5 15. Qe1 Qb6 16. f5 f6 17. Qe2 Ne7 18. Nh4 0-0 19. Bf3 g5 20. Ng2 Rbc8 21. Ne1 Be8 22. h4 h6 23. b3 Rc7 24. Kg2 Nc8 25. Rh1 Kf7 26. Bh5+ Ke7 27. Bxe8 Kxe8 28. Ra4 d5 29. Rxb4 Qc6 30. hxg5 fxg5 31. g4 Nd6 32. exd5 Qxd5+ 33. Qf3 Qxf3+ 34. Kxf3 Kf7 35. Rb6 Rd7 36. Bb4 Rfd8 37. Bxd6 Rxd6 38. Rxd6 Rxd6 39. Ke4 Rc6 40. Rh2 Ra6 41. Nf3 Ra5 42. Rh1 Rc5 43. Rc1 Kf8 44. b4 Rc7 45. b5 Rc5 46. Rb1 Rxc2 47. b6 Re2+ 48. Kd5 e4 49. b7 1-0

[Event "RUS-chT U18"]
[Site "St Petersburg"]
[Date "2015.08.02"]
[Round "2.50"]
[White "Zakharikov, Ivan"]
[Black "Kuzmin, Egor"]
[Result "0-1"]
[WhiteElo "1971"]
[BlackElo "2290"]
[PlyCount "106"]
[EventDate "2015.08.01"]
[EventType "team-swiss"]
[EventRounds "9"]
[EventCountry "RUS"]
[SourceTitle "CBM 167 Extra"]
[Source "ChessBase"]
[SourceDate "2015.09.14"]
[SourceVersion "1"]
[SourceVersionDate "2015.09.14"]
[SourceQuality "1"]
[WhiteTeam "HQ Contemporary"]
[BlackTeam "SDYuSShOR SS II"]
[WhiteTeamCountry "RUS"]
[BlackTeamCountry "RUS"]

1. e4 c5 2. Nf3 d6 3. Bb5+ Bd7 4. Bxd7+ Nxd7 5. 0-0 Ngf6 6. Qe2 Rc8 7. b3 g6 8. Bb2 Bg7 9. c4 0-0 10. d4 cxd4 11. Nxd4 Qa5 12. Nc3 Rfe8 13. Rfd1 a6 14. Qd2 Qh5 15. f3 Bh6 16. Qf2 Ne5 17. h3 Nc6 18. Nd5 Nxd5 19. exd5 Nxd4 20. Qxd4 f6 21. Re1 Qf5 22. Qe4 Bf4 23. a4 Kf7 24. Rad1 Bg3 25. Re2 Qxe4 26. fxe4 b5 27. cxb5 axb5 28. Bd4 bxa4 29. bxa4 Rc4 30. a5 Ra4 31. Bb6 Rc8 32. Rf1 Rcc4 33. Rd1 Be5 34. Kf1 Rcb4 35. Kf2 Bc3 36. Rc2 Rc4 37. Kf3 f5 38. exf5 gxf5 39. Rd3 Rf4+ 40. Ke2 Bxa5 41. Bxa5 Rxa5 42. Ke3 Re4+ 43. Kf3 Raa4 44. Rcd2 h5 45. Kg3 Kf6 46. Kf3 Ke5 47. g3 h4 48. gxh4 Rxh4 49. Kf2 Rh7 50. Kg3 Rah4 51. Re2+ Re4 52. Red2 f4+ 53. Kf2 Re3 0-1

[Event "St Petersburg rapid"]
[Site "St Petersburg"]
[Date "2015.03.14"]
[Round "2"]
[White "Malakhov, Igor"]
[Black "Kuzmin, Egor"]
[Result "1-0"]
[WhiteElo "2440"]
[BlackElo "2290"]
[PlyCount "67"]
[EventDate "2015.03.14"]
[EventType "swiss (rapid)"]
[EventRounds "9"]
[EventCountry "RUS"]
[SourceTitle "CBM 165 Extra"]
[Source "ChessBase"]
[SourceDate "2015.04.21"]
[SourceVersion "1"]
[SourceVersionDate "2015.04.21"]
[SourceQuality "1"]

1. e4 c5 2. Nf3 d6 3. c3 Nf6 4. Be2 g6 5. 0-0 Bg7 6. Re1 0-0 7. Bf1 Nc6 8. h3 e5 9. d4 cxd4 10. cxd4 Qb6 11. d5 Ne7 12. Nc3 Ne8 13. Be3 Qd8 14. Rc1 f5 15. exf5 gxf5 16. Ng5 h6 17. Ne6 Bxe6 18. dxe6 f4 19. Bd2 d5 20. Qb3 Nc7 21. Qxb7 Rb8 22. Qxa7 Rxb2 23. Na4 Rxd2 24. Rxc7 Bf6 25. Nb6 e4 26. Rec1 f3 27. Nc8 fxg2 28. Nxe7+ Bxe7 29. Rxe7 gxf1Q+ 30. Rxf1 Qxe7 31. Qxe7 Rf5 32. Qd8+ Kg7 33. e7 Rg5+ 34. Kh2 1-0

[Event "St Petersburg Overtime CC"]
[Site "St Petersburg"]
[Date "2014.12.03"]
[Round "9"]
[White "Khusenkhojaev, Muhammad"]
[Black "Kuzmin, Egor"]
[Result "0-1"]
[WhiteElo "2394"]
[BlackElo "2178"]
[PlyCount "63"]
[EventDate "2014.11.25"]
[EventType "tourn"]
[EventRounds "9"]
[EventCountry "RUS"]
[EventCategory "2"]
[SourceTitle "CBM 163 Extra"]
[Source "ChessBase"]
[SourceDate "2014.12.23"]
[SourceVersion "1"]
[SourceVersionDate "2014.12.23"]
[SourceQuality "1"]

1. Nf3 d5 2. d4 Nf6 3. c4 e6 4. Nc3 c6 5. Bg5 Be7 6. e3 Nbd7 7. Qc2 h6 8. Bh4 0-0 9. Rd1 a6 10. a3 b5 11. c5 Nh5 12. Bxe7 Qxe7 13. Be2 Nhf6 14. e4 dxe4 15. Nxe4 e5 16. 0-0 exd4 17. Nd6 Nxc5 18. Qxc5 Qxe2 19. Rfe1 Qxb2 20. Nxd4 Qa2 21. Qc1 b4 22. Nc4 Be6 23. Nxe6 fxe6 24. Rd2 Qb3 25. Re3 Qa4 26. Nb6 Qb5 27. Nxa8 Nd5 28. Rxe6 Nf4 29. Qxc6 Nxe6 30. Qxe6+ Kh8 31. Nb6 Re8 32. Qf5 0-1

[Event "St Petersburg Overtime CC"]
[Site "St Petersburg"]
[Date "2014.11.29"]
[Round "5"]
[White "Kuzmin, Egor"]
[Black "Donskov, Anatoly"]
[Result "0-1"]
[WhiteElo "2178"]
[BlackElo "2280"]
[PlyCount "96"]
[EventDate "2014.11.25"]
[EventType "tourn"]
[EventRounds "9"]
[EventCountry "RUS"]
[EventCategory "2"]
[SourceTitle "CBM 163 Extra"]
[Source "ChessBase"]
[SourceDate "2014.12.23"]
[SourceVersion "1"]
[SourceVersionDate "2014.12.23"]
[SourceQuality "1"]

1. d4 Nf6 2. c4 e6 3. Nf3 b6 4. a3 Ba6 5. Qc2 c5 6. d5 exd5 7. cxd5 d6 8. Nc3 g6 9. Bf4 Bg7 10. Qa4+ b5 11. Nxb5 0-0 12. Rd1 Nh5 13. Bc1 Qb6 14. e3 Nf6 15. Bc4 Bc8 16. Nc3 Bg4 17. Be2 Nbd7 18. 0-0 Rfc8 19. h3 Bxf3 20. gxf3 Qd8 21. Qa6 Qe7 22. f4 Nb6 23. a4 c4 24. Nb5 Ne4 25. Nd4 Nc5 26. Qb5 Ncxa4 27. Nc6 Qd7 28. Bxc4 Nxc4 29. Qxc4 Nxb2 30. Bxb2 Bxb2 31. Qa6 Rc7 32. Rb1 Bf6 33. Kh2 Qf5 34. Rb7 Rxb7 35. Qxb7 Re8 36. Nxa7 Qh5 37. Rg1 Kg7 38. Nb5 Rd8 39. Qc6 Qf3 40. Rg2 Be7 41. Qc7 Kf8 42. Qc3 Kg8 43. Qd4 Rc8 44. Nc3 f5 45. Qd3 Rc5 46. Qd4 Bh4 47. Na4 Rc2 48. Nc3 Bg3+ 0-1